000
00388nam a22001697a 4500
003
MPLRDC
005
20220104124709.0
008
210129b ||||| |||| 00| 0 eng d
082
_a
859.4 HTET v.1
100
_a
不详
245
_a
你喜欢谁?
_c
260
_a
_b
海天图书公司
_c
300
_b
平
490
_a
海天儿童丛书
650
_a
942
_c
BK
_o
859.4 HTET v.1
999
_c
21425
_d
21415